| 000 | 00473nam a2200169Ia 4500 | ||
|---|---|---|---|
| 008 | 230917s9999||||xx |||||||||||||| ||und|| | ||
| 020 | _cRS195 | ||
| 040 |
_e230296 _aMAIN |
||
| 041 | _aEnglish | ||
| 082 | _a657.48 T829Q | ||
| 100 | _aTulsian, P C | ||
| 245 | 0 | _aQuick revision for financial accounting: A self study revision book | |
| 260 |
_aNew Delhi _bS Chand _c2012 |
||
| 300 | _av. p. | ||
| 500 | _a2252 14/01/2016 HBD15/1601 04/02/2016 Main Budget | ||
| 942 | _cBK | ||
| 999 |
_c17388 _d17388 |
||